| 000 | 00391nam a2200181Ia 4500 | ||
|---|---|---|---|
| 001 | 5660 | ||
| 005 | 20250626025522.0 | ||
| 008 | 211022s9999 xx 000 0 und d | ||
| 020 | _a0070278903 | ||
| 082 | _a729 HEI | ||
| 100 | _aHeimsath, Clovis | ||
| 245 | 0 | _aBehavioral architecture : | |
| 260 | _aNew York | ||
| 260 | _bMcGraw-Hill | ||
| 260 | _c1977 | ||
| 300 | _a203 | ||
| 942 | _cBK | ||
| 999 |
_c4270 _d4270 |
||